Conquista de la Bética : (Record no. 181242)

MARC details
000 -LEADER
campo de control de longitud fija 00854nam a2200205 i 4500
001 - NÚMERO DE CONTROL
campo de control 181242
003 - IDENTIFICADOR DE NÚMERO DE CONTROL
campo de control ES-MaACL
005 - FECHA Y HORA DE LA ÚLTIMA TRANSACCIÓN
campo de control 20230906221317.0
008 - DATOS DE LONGITUD FIJA--INFORMACIÓN GENERAL
campo de control de longitud fija 121107s1795 sp a |||| | spa d
100 1# - ENTRADA PRINCIPAL--NOMBRE DE PERSONA
Nombre de persona Cueva, Juan de la.
9 (RLIN) 146967
245 10 - MENCIÓN DEL TÍTULO
Título Conquista de la Bética :
Resto del título poema heroyco /
Mención de responsabilidad, etc. de Juan de la Cueva ; tomo XV.
260 ## - PUBLICACIÓN, DISTRIBUCIÓN, ETC.
Lugar de publicación, distribución, etc. Madrid :
Nombre del editor, distribuidor, etc. en la Imprenta Real,
Fecha de publicación, distribución, etc. 1795.
300 ## - DESCRIPCIÓN FÍSICA
Extensión [2], 342 p. ;
Dimensiones 17 cm.
500 ## - NOTA GENERAL
Nota general Obra perteneciente a "Colección de poetas castellanos", según Aguilar Piñal, III, 1557.
530 ## - NOTA DISPONIBLE DE FORMULARIO FÍSICO ADICIONAL
Nota de formato físico adicional disponible Disponible también en sitio web.
597 ## - NOTA DE DESCRIPCIÓN FÍSICA
NOTA DE DESCRIPCIÓN FÍSICA Sign.: [ ]¹, A-X8, Y¹.
597 ## - NOTA DE DESCRIPCIÓN FÍSICA
NOTA DE DESCRIPCIÓN FÍSICA Viñeta xilográfica en portada.
852 ## - LOCALIZACIÓN
Ubicación ES-MaACL
Número de control de estantería R-3104-12
Encuadernación Olim:G-13256-64
856 41 - LOCALIZACIÓN Y ACCESO ELECTRÓNICOS
Identificador Uniforme de Recursos <a href="http://bibliotecadigitalhispanica.bne.es:80/webclient/DeliveryManager?pid=3040689&custom_att_2=simple_viewer">http://bibliotecadigitalhispanica.bne.es:80/webclient/DeliveryManager?pid=3040689&custom_att_2=simple_viewer</a>
Nota pública Ir a la página
Holdings
Estatus retirado Estado de pérdida Estado de daño No para préstamo Colección Biblioteca de origen Biblioteca actual Ubicación en estantería Fecha de adquisición Fuente de adquisición Total de préstamos Signatura topográfica completa Código de barras Visto por última vez Precio de reemplazo Tipo de ítem Koha
        Colección digital Biblioteca del Ateneo de Madrid Biblioteca del Ateneo de Madrid Depósito 07/11/2012     R-3104-12 1190460 23/02/2023 23/02/2023 Libro impreso antiguo